Geno type-by-environment interaction rain fed lowland rice (Oryza sativa L.) in Cambodia, អន្តរអំពើរវាងពូជស្រូវ(Oryza sativa) និងលក្ខខណ្ឌដាំដុះ ក្នុងតំបន់ទំនាបអាស្រ័យដោយទឹកភ្លៀងក្នុងព្រះរាជណាចក្រកម្ពុជា (Record no. 6621)
[ view plain ]
| 000 -LEADER | |
|---|---|
| fixed length control field | 00784nam a22001577a 4500 |
| 003 - CONTROL NUMBER IDENTIFIER | |
| control field | OSt |
| 005 - DATE AND TIME OF LATEST TRANSACTION | |
| control field | 20160210155435.0 |
| 008 - FIXED-LENGTH DATA ELEMENTS--GENERAL INFORMATION | |
| fixed length control field | 160210b xxu||||| |||| 00| 0 eng d |
| 040 ## - CATALOGING SOURCE | |
| Transcribing agency | RUA |
| 082 ## - DEWEY DECIMAL CLASSIFICATION NUMBER | |
| Classification number | MGR DEP 2004 B379 Or.1 |
| 100 ## - MAIN ENTRY--PERSONAL NAME | |
| 9 (RLIN) | 7034 |
| Personal name | DEP SINATH, ដិប ស៊ីណាត |
| 245 ## - TITLE STATEMENT | |
| Title | Geno type-by-environment interaction rain fed lowland rice (Oryza sativa L.) in Cambodia, អន្តរអំពើរវាងពូជស្រូវ(Oryza sativa) និងលក្ខខណ្ឌដាំដុះ ក្នុងតំបន់ទំនាបអាស្រ័យដោយទឹកភ្លៀងក្នុងព្រះរាជណាចក្រកម្ពុជា |
| 260 ## - PUBLICATION, DISTRIBUTION, ETC. (IMPRINT) | |
| Place of publication, distribution, etc. | Phnom Penh |
| Name of publisher, distributor, etc. | RUA |
| Date of publication, distribution, etc. | 2005 |
| 300 ## - PHYSICAL DESCRIPTION | |
| Extent | x; 60p. |
| Other physical details | ill. |
| Dimensions | 29cm. |
| 942 ## - ADDED ENTRY ELEMENTS (KOHA) | |
| Source of classification or shelving scheme | |
| Koha item type | MGR |
| Price effective from | Date last seen | Permanent Location | Not for loan | Date acquired | Source of classification or shelving scheme | Koha item type | Barcode | Lost status | Damaged status | Shelving location | Withdrawn status | Current Location | Full call number |
|---|---|---|---|---|---|---|---|---|---|---|---|---|---|
| 2016-02-10 | 2016-02-10 | Library Block B | 2016-02-10 | MGR | RUA050216 | B379 | Library Block B | MGR DEP 2004 B379 Or.1 | |||||
| 2016-02-10 | 2016-02-10 | Library Block B | 2016-02-10 | MGR | RUA049929 | B379 | Library Block B | MGR DEP 2004 B379 Or.2 | |||||
| 2016-02-10 | 2016-02-10 | Library Block B | 2016-02-10 | MGR | RUA050076 | B379 | Library Block B | MGR DEP 2004 B379 Or.3 | |||||
| 2016-02-10 | 2016-02-10 | Library Block B | 2016-02-10 | MGR | RUA050620 | B379 | Library Block B | MGR DEP 2004 B379 Or.4 | |||||
| 2016-02-10 | 2016-02-10 | Library Block B | 2016-02-10 | MGR | RUA051245 | B379 | Library Block B | MGR DEP 2004 B379 Or.5 | |||||
| 2016-02-10 | 2016-02-10 | Library Block B | 2016-02-10 | MGR | RUA051032 | B379 | Library Block B | MGR DEP 2004 B379 Or.6 | |||||
| 2016-02-10 | 2016-02-10 | Library Block B | 2016-02-10 | MGR | RUA051756 | B379 | Library Block B | MGR DEP 2004 B379 Or.7 | |||||
| 2016-02-10 | 2016-02-10 | Library Block B | 2016-02-10 | MGR | RUA049595 | B379 | Library Block B | MGR DEP 2004 B379 Or.8 | |||||
| 2016-02-10 | 2016-02-10 | Library Block B | 2016-02-10 | MGR | RUA050244 | B379 | Library Block B | MGR DEP 2004 B379 Or.9 | |||||
| 2016-02-10 | 2016-02-10 | Library Block B | 2016-02-10 | MGR | RUA052033 | B379 | Library Block B | MGR DEP 2004 B379 Or.10 |